000
00488nam a2200169Ia 4500
008
090711s9999 xx 000 0 und d
082
_b
36874
100
_a
बोरकर लक्ष्मीदास
245
_a
बूमरँग
260
_c
1977
300
_a
127
600
_a
बोरकर लक्ष्मीदास
630
_a
बूमरँग
700
_a
बोरकर लक्ष्मीदास
730
_a
बूमरँग
942
_c
BOOK
999
_c
287525
_d
287525